[Event "Fast, swift, speedy..."]
[Site "http://www.queenalice.com/game.php?id=231107"]
[Date "2007.6.27"]
[Round "-"]
[White "Beyonder"]
[Black "eductx"]
[Result "1-0"]
[WhiteElo "1911"]
[BlackElo "1999"]

1. e4 e5 2. Nf3 Nf6 3. Nxe5 d6 4. Nf3 Nxe4 5. d4 d5 6. Bd3 Be7 7. O-O O-O 8. c4
c6 9. Nc3 f5 10. Qb3 Nxc3 11. bxc3 Kh8 12. Bf4 b6 13. Rfe1 Bd6 14. Bg5 Qc7 15.
h3 h6 16. Bd2 dxc4 17. Bxc4 b5 18. Bd3 Nd7 19. Nh4 Nb6 20. Ng6+ Kh7 21. Nxf8+
1-0

[Event "Fast, swift, speedy..."]
[Site "http://www.queenalice.com/game.php?id=231108"]
[Date "2007.6.27"]
[Round "-"]
[White "eductx"]
[Black "Beyonder"]
[Result "1-0"]
[WhiteElo "1991"]
[BlackElo "1931"]

1. Nf3 d5 2. c4 c5 3. cxd5 Qxd5 4. Nc3 Qd8 5. e4 Nc6 6. Bb5 Bg4 7. h3 Bh5 8. Qa4
Qc7 9. Nd5 Qd6 10. Ne5 Rc8 11. f4 e6 12. Ne3 f6 13. N3c4 Qd4 14. Nxc6 Qxe4+ 15.
Kf2 Qxf4+ 16. Kg1 bxc6 17. Bxc6+ Kf7 18. d3 Qd4+ 19. Be3 Qxd3 20. Rf1 Bd6 21.
Be4 Qe2 22. Nxd6+ Kf8 23. Nxc8 Qxe3+ 24. Kh2 g5 25. Qc6 Bf7 26. Qd6+ Kg7 27. Re1
Qf2 28. Rb1 Nh6 29. Nxa7 Qh4 30. Bf3 Qa4 31. Nc6 e5 32. Qxc5 Bxa2 33. Ra1 Qf4+
34. Kg1 Bf7 35. Qb4 Qe3+ 36. Kh2 Nf5 37. Qe4 Qf4+ 38. Qxf4 gxf4 39. Rhe1 Nh4 40.
b4 Bc4 41. Ra7+ Kh6 42. Be4 f5 43. Nxe5 fxe4 44. Nxc4 e3 45. Nxe3 fxe3 46. Rxe3
Rb8 47. Re6+ Ng6 48. Re4 Nf8 49. Rc7 Kg6 50. g4 Kf6 51. Kg3 h6 52. Rc6+ Kg7 53.
Rc5 Rb7 54. Rec4 Ne6 55. Rc6 Kf7 56. h4 Rb5 57. Re4 1-0

[Event "AUTO-INT-345"]
[Site "http://www.queenalice.com/game.php?id=232813"]
[Date "2007.6.30"]
[Round "2"]
[White "Milton"]
[Black "Beyonder"]
[Result "0-1"]
[WhiteElo "1654"]
[BlackElo "1883"]

1. e4 e5 2. Nf3 Nf6 3. Nxe5 d6 4. Nc4 Bg4 5. f3 Bh5 6. Qe2 Nc6 7. g4 Bg6 8. Qe3
Ne5 9. Nc3 Be7 10. Nxe5 dxe5 11. b3 Nd7 12. Bb2 Bc5 13. Qd3 Qh4+ 14. Kd1 O-O-O
15. Nb5 a6 16. Nc3 h5 17. Na4 Ba7 18. Qd5 hxg4 19. Bxe5 Qf2 20. Qc4 Nxe5 21. Qb4
Nxf3 22. d3 Bxe4 23. Kc1 Be3+ 24. Kb2 Bd4+ 25. Nc3 Ne1 26. Be2 Bxd3 27. Raxe1
Bxe2 28. Qe7 Bxc3+ 29. Kxc3 Qd4# 0-1

[Event "AUTO-INT-345"]
[Site "http://www.queenalice.com/game.php?id=232814"]
[Date "2007.6.30"]
[Round "2"]
[White "Beyonder"]
[Black "Milton"]
[Result "1-0"]
[WhiteElo "1874"]
[BlackElo "1671"]

1. e4 e5 2. Nf3 Nf6 3. Bc4 Nxe4 4. Nc3 Nxc3 5. bxc3 d6 6. d3 Nc6 7. Be3 Bg4 8.
h3 Bf5 9. Bb5 g6 10. Rb1 e4 11. Bxc6+ bxc6 12. Nd4 Qf6 13. O-O c5 14. Nxf5 Qxf5
15. dxe4 Qxe4 16. Bd4 cxd4 17. Re1 Qxe1+ 18. Qxe1+ Be7 19. Qe4 Kd7 20. Qxd4 d5
21. Qxd5+ Bd6 22. Qxf7+ Kc6 23. c4 Rhb8 24. Rxb8 Rxb8 25. g4 Rb2 26. Qd5+ Kd7
27. c5 c6 28. Qxd6+ Kc8 29. Qxc6+ Kb8 30. Qd6+ Kb7 31. c6+ Ka8 32. c7 Rxc2 33.
Qd5+ 1-0

[Event "AUTO-INT-345"]
[Site "http://www.queenalice.com/game.php?id=232819"]
[Date "2007.6.30"]
[Round "2"]
[White "Beyonder"]
[Black "SeekingBrightBuffalo"]
[Result "1-0"]
[WhiteElo "1882"]
[BlackElo "1603"]

1. e4 e5 2. Nf3 Nc6 3. Bc4 Nf6 4. d3 Bc5 5. Nc3 d6 6. Bg5 Na5 7. Bb3 Nxb3 8.
axb3 Be6 9. Qd2 h6 10. Bh4 O-O 11. Na4 b6 12. Nxc5 bxc5 13. O-O g5 14. Bg3 Nh5
15. c4 Nxg3 16. fxg3 Qb8 17. h4 f6 18. Qd1 g4 19. Nh2 h5 20. Rf2 Kf7 21. Qc2 c6
22. Raf1 Ke7 23. Ra1 Qb6 24. Ra3 d5 25. Nf1 f5 26. Qc3 Kd6 27. exf5 Rxf5 28.
Rxf5 Bxf5 29. Ra1 Rb8 30. Nd2 Qb4 31. Qc2 a5 32. Ra4 Qb6 33. Qc1 Bxd3 34. Qc3
Bf5 35. Qxa5 Qxa5 36. Rxa5 e4 37. Ra7 Rf8 38. cxd5 e3 39. Nc4+ Kxd5 40. Nxe3+
Kd6 41. Nxf5+ Rxf5 42. Rh7 Kd5 43. Rh6 Re5 44. Rg6 Re6 45. Rxe6 Kxe6 46. Kf2 Kd5
47. Ke3 Ke5 48. Kd3 Kd5 49. Kc3 Kd6 50. Kc4 1-0

[Event "AUTO-INT-345"]
[Site "http://www.queenalice.com/game.php?id=232820"]
[Date "2007.6.30"]
[Round "2"]
[White "SeekingBrightBuffalo"]
[Black "Beyonder"]
[Result "0-1"]
[WhiteElo "1614"]
[BlackElo "1872"]

1. d4 Nf6 2. Nf3 e6 3. Bf4 d5 4. e3 Bb4+ 5. c3 Ba5 6. Nbd2 Bd7 7. Bd3 O-O 8. Ne5
Nc6 9. Ndf3 Ne7 10. O-O c6 11. Rc1 Be8 12. c4 dxc4 13. Bxc4 Nd7 14. a3 Nxe5 15.
Bxe5 Ng6 16. Bg3 Bc7 17. Bxc7 Qxc7 18. b4 Rd8 19. Re1 a5 20. Bd3 f5 21. Ng5 Qe7
22. f4 axb4 23. axb4 h6 24. Nf3 b5 25. Rc5 Nh4 26. g3 Nxf3+ 27. Qxf3 Qd6 28. e4
Qxd4+ 0-1

[Event "AUTO-INT-345"]
[Site "http://www.queenalice.com/game.php?id=232821"]
[Date "2007.6.30"]
[Round "2"]
[White "Beyonder"]
[Black "Bernobr"]
[Result "0-1"]
[WhiteElo "1890"]
[BlackElo "1896"]

1. e4 c5 2. Bc4 Nc6 3. c3 Ne5 4. Qe2 Nxc4 5. Qxc4 d6 6. d3 Be6 7. Qa4+ Bd7 8.
Qc2 Nf6 9. f4 e6 10. Nf3 Be7 11. O-O O-O 12. Na3 Qc7 13. b3 b5 14. Qf2 Bc6 15.
Ng5 e5 16. f5 h6 17. Nh3 d5 18. exd5 Nxd5 19. c4 bxc4 20. Nxc4 Rad8 21. Bd2 Nb6
22. Qg3 Nxc4 23. f6 Bxf6 24. Bxh6 Qd6 25. dxc4 e4 26. Nf4 Bxa1 27. Bxg7 Bxg7 28.
Nh5 Qxg3 0-1

[Event "AUTO-INT-345"]
[Site "http://www.queenalice.com/game.php?id=232822"]
[Date "2007.6.30"]
[Round "2"]
[White "Bernobr"]
[Black "Beyonder"]
[Result "1-0"]
[WhiteElo "1879"]
[BlackElo "1900"]

1. e4 e5 2. Nc3 Bc5 3. g3 Nc6 4. Bg2 d6 5. Na4 Bb6 6. Nxb6 axb6 7. d3 Nf6 8. Ne2
Bg4 9. h3 Bh5 10. g4 Bg6 11. f4 h6 12. f5 Bh7 13. Be3 Ra6 14. Nc3 Nd7 15. h4 f6
16. Nd5 Ne7 17. Nc3 Nc5 18. g5 Nc6 19. gxh6 Rg8 20. hxg7 Rxg7 21. Qh5+ Kd7 22.
Bf3 Qe7 23. Nd5 Qf7 24. Qh6 Kc8 25. Qxf6 Nd7 26. Qxf7 Rxf7 27. Kd2 Nc5 28. a3
Ra8 29. Rag1 Kd7 30. Bh5 Ne7 31. Bxf7 1-0

[Event "Challenge"]
[Site "http://www.queenalice.com/game.php?id=235007"]
[Date "2007.7.5"]
[Round "-"]
[White "jalvez"]
[Black "Beyonder"]
[Result "1-0"]
[WhiteElo "2038"]
[BlackElo "1882"]

1. e4 e5 2. Nf3 Nf6 3. Nc3 Nc6 4. Bb5 Bb4 5. Bxc6 dxc6 6. O-O O-O 7. Qe2 Qe7 8.
Nd1 Bg4 9. d3 b6 10. Bg5 h6 11. Bh4 g5 12. Bg3 Nd7 13. Ne3 Bxf3 14. Qxf3 Bd6 15.
Nf5 Qf6 16. Qh5 Kh7 17. Rfe1 Qg6 18. Qe2 f6 19. f3 h5 20. Bf2 Rae8 21. Qd2 Nc5
22. Bxc5 Bxc5+ 23. Kf1 Rg8 24. Ke2 Bd6 25. h3 c5 26. Rh1 Rgf8 27. Raf1 Kg8 28.
g4 h4 29. a4 Qh7 30. Qc3 Qd7 31. Qc4+ Kh8 32. b3 a5 33. Rd1 Qf7 34. Qb5 Rd8 35.
Rd2 Qd7 36. Qc4 Qf7 37. Qc3 Kh7 38. Ne3 c6 39. Nc4 Qc7 40. Rhd1 Be7 41. Qb2 b5
42. axb5 cxb5 43. Ne3 Bd6 44. Nd5 Qd7 45. Ra1 Qa7 46. Qa2 Ra8 47. Nc3 Rfb8 48.
Rdd1 Bc7 49. Nd5 Bd8 50. Qb2 Qb7 51. Qc3 Qc8 52. Ra2 Rb7 53. Rda1 Rba7 54. Qd2
b4 55. c3 Qb7 56. Qc2 Kg7 57. Ra4 Rb8 58. cxb4 cxb4 59. Nxb4 Rc8 60. Qb2 Bb6 61.
Nc2 Qa6 62. Rc4 Rac7 63. Raa4 Qb5 64. Na3 Qd7 65. Qc2 Rc5 66. Rxc5 Bxc5 67. Rc4
1-0

[Event "Challenge"]
[Site "http://www.queenalice.com/game.php?id=247552"]
[Date "2007.7.29"]
[Round "-"]
[White "lesangesleader"]
[Black "Beyonder"]
[Result "1-0"]
[WhiteElo "1441"]
[BlackElo "1887"]

1. Nf3 d5 2. d4 Bf5 3. Nc3 e6 4. Bf4 f6 5. a3 Bd6 6. Bxd6 Qxd6 7. e3 Bg4 8. Be2
a6 9. b4 Nd7 10. Na4 b6 11. O-O g5 12. Nd2 Bxe2 13. Qxe2 h5 14. c4 c6 15. cxd5
cxd5 16. Rac1 Ne7 17. Rc3 Kf7 18. Rfc1 Kg6 19. Qd3+ f5 20. Nf3 Nf6 21. Ne5+ Kh6
22. Nf7+ 1-0

[Event "Let's Play Chess!"]
[Site "http://www.queenalice.com/game.php?id=247861"]
[Date "2007.7.29"]
[Round "-"]
[White "Beyonder"]
[Black "colognestar"]
[Result "1-0"]
[WhiteElo "1878"]
[BlackElo "2051"]

1. e4 c5 2. c3 d5 3. exd5 Qxd5 4. d4 cxd4 5. cxd4 Nf6 6. Nc3 Qd8 7. Bc4 g6 8.
Nf3 Bg7 9. O-O O-O 10. d5 Nbd7 11. Re1 Nb6 12. Bb3 Bg4 13. h3 Bf5 14. Nd4 Bd7
15. Bf4 a6 16. Rc1 Rc8 17. Bc2 Rxc3 18. bxc3 Nfxd5 19. Bd2 e5 20. Nf3 Re8 21.
Bb3 h6 22. Bxd5 Nxd5 23. Qb3 Bc6 24. Rcd1 Qc7 25. c4 Nb6 26. Ba5 Bxf3 27. gxf3
Qxc4 28. Qxb6 Qf4 29. Qe3 Qh4 30. Kh2 e4 31. f4 g5 32. Qg3 Qh5 33. Rd8 Rxd8 34.
Bxd8 gxf4 35. Qg4 Qc5 36. Rg1 Qxf2+ 37. Rg2 Qd4 38. Bb6 Qe5 39. Bc7 Qf6 40. Bxf4
1-0

[Event "Let's Play Chess!"]
[Site "http://www.queenalice.com/game.php?id=247862"]
[Date "2007.7.29"]
[Round "-"]
[White "colognestar"]
[Black "Beyonder"]
[Result "1-0"]
[WhiteElo "2023"]
[BlackElo "1887"]

1. e4 e5 2. Nc3 Bc5 3. Bc4 d6 4. Nf3 Nc6 5. O-O Bg4 6. h3 Bh5 7. g4 Bg6 8. d3
Nd4 9. Na4 Nxf3+ 10. Qxf3 Bb6 11. Nxb6 axb6 12. Qg3 Ne7 13. f4 exf4 14. Bxf4 Qd7
15. h4 h6 16. h5 Bh7 17. Rf2 O-O-O 18. Bxf7 g5 19. Be3 Rdf8 20. a4 Nc6 21. Raf1
Ne5 22. Be6 Qxe6 23. Rxf8+ Rxf8 24. Rxf8+ Kd7 25. Rf1 Nxg4 26. Bd4 c5 27. Bc3
Ke7 28. Qf3 Bg8 29. Qf8+ Kd7 30. Qb8 Kc6 31. Rf8 b5 32. Rc8+ Kb6 33. Qc7+ Ka7
34. Qa5# 1-0

[Event "Challenge"]
[Site "http://www.queenalice.com/game.php?id=249830"]
[Date "2007.8.2"]
[Round "-"]
[White "Beyonder"]
[Black "jnable"]
[Result "0-1"]
[WhiteElo "1876"]
[BlackElo "2084"]

1. e4 c5 2. Nc3 Nc6 3. f4 e6 4. Nf3 d5 5. Bb5 d4 6. Bxc6+ bxc6 7. Na4 Ba6 8. d3
Bb5 9. c4 Ba6 10. Bd2 Nf6 11. O-O Be7 12. Ne5 Qc7 13. Qe1 O-O 14. Qg3 g6 15. f5
Bd6 16. Bf4 Nh5 17. Qh4 Nxf4 18. g3 Ne2+ 19. Kh1 Bxe5 20. Nxc5 Bc8 21. f6 h5 22.
g4 Nf4 23. Qg5 hxg4 24. Qxg4 Nh5 25. Qg5 Bf4 26. Qh4 Qe5 27. b4 Bg5 28. Qe1 Nxf6
29. a3 Nd7 30. Nb3 c5 31. b5 Bb7 32. Ra2 f5 33. Re2 Be3 34. Rg2 g5 35. Na5 Bc8
36. Qh4 Qh8 37. Qg3 Ne5 38. a4 Rf7 39. Nb3 Nxd3 0-1

[Event "Challenge"]
[Site "http://www.queenalice.com/game.php?id=250342"]
[Date "2007.8.3"]
[Round "-"]
[White "yalokin"]
[Black "Beyonder"]
[Result "1-0"]
[WhiteElo "1942"]
[BlackElo "1890"]

1. d4 d5 2. c4 c6 3. b3 Bg4 4. g3 e6 5. Bg2 Qa5+ 6. Bd2 Qa6 7. Qc1 Nd7 8. Nf3
Ngf6 9. Nc3 dxc4 10. O-O cxb3 11. axb3 Qb6 12. Be3 Nd5 13. Nxd5 exd5 14. Rd1 h6
15. Qc3 Bb4 16. Qb2 O-O 17. Bd2 Nf6 18. Bxb4 Qxb4 19. Re1 a6 20. e3 Nd7 21. Qc2
Rae8 22. Ra4 Qd6 23. Raa1 Qf6 24. Nd2 h5 25. e4 dxe4 26. Nxe4 Qxd4 27. Ng5 Nf6
28. h3 Bc8 29. Rad1 Rxe1+ 30. Rxe1 g6 31. Re7 Nd5 32. Rxf7 Rxf7 33. Qxg6+ 1-0

[Event "Challenge"]
[Site "http://www.queenalice.com/game.php?id=251558"]
[Date "2007.8.6"]
[Round "-"]
[White "luizpessoa"]
[Black "Beyonder"]
[Result "1-0"]
[WhiteElo "1727"]
[BlackElo "1901"]

1. e4 e5 2. Nf3 Nf6 3. d3 Nc6 4. Bg5 Be7 5. a3 O-O 6. Nc3 d6 7. h3 h6 8. Bxf6
Bxf6 9. Nd5 Be6 10. Nxf6+ Qxf6 11. c4 b6 12. Be2 a5 13. Rb1 Qg6 14. g3 f5 15.
Nh4 Qf6 16. f3 Nd4 17. Nxf5 Bxf5 18. exf5 Qxf5 19. g4 Qf4 20. Kf2 e4 21. dxe4
Qxe4 22. Qd3 Qf4 23. Rbd1 Nc6 24. Qd5+ Kh8 25. Qxc6 Rac8 26. Qd5 Qf6 27. Qd4
Qh4+ 28. Kg2 Rf7 29. Rd3 Rcf8 30. Re3 Qg5 31. h4 Qd8 32. Rh3 Qa8 33. g5 Rf4 34.
Qc3 h5 35. Bd3 Qc6 36. Be4 Qa4 37. Re1 Qd7 38. Qd3 Qe7 39. Re3 Qf7 40. Bg6 Qd7
41. Bxh5 Re8 42. Bxe8 1-0

[Event "Challenge"]
[Site "http://www.queenalice.com/game.php?id=251560"]
[Date "2007.8.6"]
[Round "-"]
[White "Beyonder"]
[Black "luizpessoa"]
[Result "1-0"]
[WhiteElo "1878"]
[BlackElo "1766"]

1. e4 c5 2. Nc3 a6 3. f4 Nc6 4. Nf3 d6 5. d4 cxd4 6. Nxd4 Nxd4 7. Qxd4 Bd7 8.
Bc4 Bc6 9. O-O b5 10. Bb3 e6 11. Kh1 Nf6 12. f5 e5 13. Qd3 Be7 14. Bg5 h6 15.
Bxf6 Bxf6 16. Nd5 Bxd5 17. Bxd5 Rb8 18. Bc6+ Ke7 19. Rad1 Qc7 20. Bd5 Rbc8 21.
c3 Qb6 22. a3 Rb8 23. g4 Rhc8 24. Qh3 Rf8 25. Rb1 a5 26. b3 b4 27. axb4 axb4 28.
c4 Bg5 29. Qd3 Rfc8 30. Qh3 Rf8 31. Qh5 f6 32. Qg6 Kd8 33. Qxg7 Re8 34. Ra1 Qc7
35. Qxc7+ Kxc7 36. Ra7+ Kd8 37. Rfa1 Be3 38. Rf7 Bg5 39. Ra6 Re7 40. Rf8+ Re8
41. Rxd6+ Ke7 42. Rxe8+ Kxe8 43. Ra6 Kd7 44. Kg2 Kc7 45. Kf2 Rb6 46. Rxb6 Kxb6
47. Ke2 Kc5 48. Kd3 Bf4 49. h4 Bg3 50. g5 hxg5 51. hxg5 fxg5 52. f6 Kd6 53. c5+
Kd7 54. c6+ Kd8 55. f7 1-0

[Event "Let's Play Chess!"]
[Site "http://www.queenalice.com/game.php?id=490104"]
[Date "2008.11.9"]
[Round "-"]
[White "Beyonder"]
[Black "Fauquinelle"]
[Result "0-1"]
[WhiteElo "1868"]
[BlackElo "1845"]

1. e4 c5 2. d4 cxd4 3. Nf3 Nc6 4. Nxd4 e5 5. Nf3 a6 6. Bc4 Nf6 7. Ng5 d5 8. Bxd5
Nxd5 9. Qxd5 Qxd5 10. exd5 Nd4 11. Kd2 Bf5 12. Re1 f6 13. Ne4 O-O-O 14. c4 Bb4+
15. Nec3 Nc2 16. a3 Bxc3+ 17. Kxc3 Nxe1 18. g3 Nc2 19. Ra2 Nd4 20. Be3 Bxb1 0-1

[Event "Let's Play Chess!"]
[Site "http://www.queenalice.com/game.php?id=490105"]
[Date "2008.11.9"]
[Round "-"]
[White "Beyonder"]
[Black "MalucoO"]
[Result "0-1"]
[WhiteElo "1882"]
[BlackElo "2227"]

1. e4 c5 2. d4 cxd4 3. Qxd4 Nc6 4. Qa4 d6 5. Nf3 Bd7 6. Bd3 Ne5 7. Qb3 Nxf3+ 8.
gxf3 Bc6 9. Bg5 h6 10. Be3 Nf6 11. Nc3 g6 12. O-O-O Bg7 13. Bd4 Nh5 14. Be3 Qd7
15. Bc4 O-O 16. Rdg1 b5 17. Bd3 a5 18. a3 b4 19. Nd5 Rab8 20. axb4 axb4 21. Nb6
Qc7 22. Rxg6 Kh7 23. Rg2 Rxb6 24. Bxb6 Qxb6 25. Rhg1 Be5 26. Rg4 Bd7 27. Rh4
Qxf2 0-1

[Event "Let's Play Chess!"]
[Site "http://www.queenalice.com/game.php?id=490106"]
[Date "2008.11.9"]
[Round "-"]
[White "Fauquinelle"]
[Black "Beyonder"]
[Result "0-1"]
[WhiteElo "1851"]
[BlackElo "1851"]

1. f4 d5 2. Nf3 c5 3. e3 Nc6 4. Bb5 Bg4 5. h3 Bxf3 6. Qxf3 e6 7. Bxc6+ bxc6 8.
d3 Bd6 9. O-O Ne7 10. b3 O-O 11. Bb2 Nf5 12. g4 Nh4 13. Qf2 Rb8 14. Nd2 a5 15.
g5 Nf5 16. h4 Be7 17. e4 dxe4 18. dxe4 Nd4 19. Nc4 f5 20. e5 Qc7 21. Rad1 Rfd8
22. Kg2 Kf7 23. Qe1 Nxc2 24. Qxa5 Qxa5 25. Nxa5 Ne3+ 26. Kf2 Nxd1+ 0-1

[Event "Let's Play Chess!"]
[Site "http://www.queenalice.com/game.php?id=490107"]
[Date "2008.11.9"]
[Round "-"]
[White "Greeley"]
[Black "Beyonder"]
[Result "0-1"]
[WhiteElo "1854"]
[BlackElo "1867"]

1. b4 d5 2. Bb2 Bf5 3. e3 e6 4. f4 f6 5. Nf3 Bxb4 6. c4 Ne7 7. Be2 O-O 8. O-O
Bg4 9. h3 Bh5 10. g4 Bg6 11. f5 Bf7 12. fxe6 Bxe6 13. Nd4 Bf7 14. cxd5 Qxd5 15.
Bf3 Qd6 16. Kg2 c6 17. Qc2 Ba5 18. Nc3 Bc7 19. Kf2 Bc4 20. Rg1 Qh2+ 0-1